000 00468nam a2200169Ia 4500
008 230917s9999||||xx |||||||||||||| ||und||
020 _cGBP 115.00 (RS 11750.70)
040 _e5015218
_aMAIN
041 _aEnglish
082 _a338.4791 D571T
100 _aDileep, M R
245 0 _aTourism, transport and travel management
260 _aOxon
_bRoutledge
_c2019
300 _axxi, 470 p.
500 _a4502 25/01/2022 IPD22/1003 25/01/2022 Main Budget
942 _cBK
999 _c5221
_d5221